banner-ar

اسس الحوار فى " القرآن الكريم " : (Record no. 61004)

MARC details
000 -الفاتح
حقل البيانات ثابتة الطول 01580nam a22003377a 4500
005 - وقت وتاريخ اخر تعامل مع التسجيلة
رقم الضبط 20240530110439.0
008 - عناصر البيانات ثابتة الطول - معلومات عامة
حقل البيانات ثابتة الطول 150416s2009 ua g b 000 0dara d
017 ## - رقم الايداع القانونى
رقم الايداع القانونى 2009/10376
المصدر ( الهيئة المختصة) مصر . دار الكتب المصرية
020 ## - الرقم الدولى المعيارى للكتب
الرقم الدولى المعيارى للكتاب 9789774792590
040 ## - مصدر الفهرسة
وكالة الفهرسة الأصلية EG-CaGPL
082 04 - رقم تصنيف ديوى العشرى
رقم الطبعة 21
رقم التصنيف 214.2\
رقم المادة ب أ
100 1# - المدخل الرئيسى - إسم شخصى
الإسم الشخصى بوسه ، هيربرت
الشكل الأكمل للاسم هيربرت بوسه
245 10 - بيان العنوان
العنوان اسس الحوار فى " القرآن الكريم " :
بقية العنوان دراسة فى علاقة الاسلام باليهودية والمسيحية /
بيان المسئوليه,etc تاليف هيربرت بوسه ؛ ترجمة احمد محمود هويدى ؛ مراجعة عمر صابر عبدالجليل ؛ تصدير محمد خليفة حسن
250 ## - بيان الطبعة
بيان الطبعة ط2
260 ## - PUBLICATION, DISTRIBUTION, ETC. (IMPRINT)
تاريخ النشر أو التوزيع 2009 .
300 ## - الوصف المادى
التعداد 226 ص ؛
أبعاد الوعاء 24 سم
490 0# - بيان السلسلة
عنوان السلسلة المشروع القومى للترجمة ؛
رقم المجلد/ التعيين التسلسلي 2/906
504 ## - تبصرة ببليوجرافية
تبصرة ببليوجرافية,الخ ببليوجرافية : ص 216 - 223
650 04 - المدخل الاضافى بالموضوع-مصطلح موضوعى
مصطلح موضوعي الكعبة
650 04 - المدخل الاضافى بالموضوع-مصطلح موضوعى
مصطلح موضوعي المسيحية
التقسيم الفرعي العام قصص
650 04 - المدخل الاضافى بالموضوع-مصطلح موضوعى
مصطلح موضوعي قصص الانبياء
650 04 - المدخل الاضافى بالموضوع-مصطلح موضوعى
مصطلح موضوعي الاسلام واليهودية
650 04 - المدخل الاضافى بالموضوع-مصطلح موضوعى
مصطلح موضوعي الاسلام والمسيحية
651 04 - المدخل الاضافى بالموضوع - اسم جغرافى
الاسم الجغرافي شبه الجزيرة العربية
التقسيم الفرعي العام الحياة الدينية
651 04 - المدخل الاضافى بالموضوع - اسم جغرافى
مصدر الرأس أو المصطلح شبه الجزيرة العربية
التقسيم الفرعي العام الحياة السياسية
700 0# - المدخل الاضافى - اسم شخصى
الإسم الشخصى احمد محمود هويدى
الدور مترجم
700 0# - المدخل الاضافى - اسم شخصى
الإسم الشخصى عمر صابر عبدالجليل
الدور مراجع
700 0# - المدخل الاضافى - اسم شخصى
الإسم الشخصى محمد خليفة حسن
الدور مصدر
942 ## - عناصر المدخل الإضافي( كوها)
مصدر التصنيف او مخطط الترفيف Dewey Decimal Classification
Koha [default] item type كتاب
260 ## - PUBLICATION, DISTRIBUTION, ETC. (IMPRINT)
-- القاهرة :
-- المركز القومى للترجمة ،
Holdings
حالة التراجع حالة الفقد حالة تلف ليس للاعارة المكان المؤقت الموقع الحالى تاريخ الاكتساب اجمالي اﻻعارات رقم الطلب الباركود تاريخ اخر مشاهدة تاريخ تفعيل السعر نوع وعاء كوها
        مكتبة القاهرة الكبرى مكتبة القاهرة الكبرى 04/16/2015   214.2\ ب أ 160203 04/16/2015 04/16/2015 كتاب

Powered By

EGPV